000 00617cam a2200193 4500
001 BIIH004198
008 1989 spa
020 _a968-496-133-2
035 _aBIIH004198
050 4 _aHD9057
_bG37 1989
100 1 _aGarcía Acosta, Virginia
245 4 _aLas Panaderías, sus dueños y trabajadores. Ciudad de México. Siglo XVIII /
_cVirginia García Acosta.
260 _aMéxico :
_bCIESAS,
_c1989
300 _a255 p. ;
_c21 cm.
440 0 _aEdiciones de la Casa Chata ; 24
500 _a2 ejemplares
650 4 _aPanaderos y panaderías
_xMéxico
_xHistoria
942 _2lcc
_cLIB
999 _c66580
_d66580